Normal view
MARC view
- TURBO C PLUS PLUS
Entry Topical Term
001 - CONTROL NUMBER
- control field: 61005
003 - CONTROL NUMBER IDENTIFIER
- control field: NUST
005 - DATE AND TIME OF LATEST TRANSACTION
- control field: 20210628202653.0
008 - FIXED-LENGTH DATA ELEMENTS
- fixed length control field: 210628|| aca||aabn | a|a d
040 ## - CATALOGING SOURCE
- Original cataloging agency: NUST
- Transcribing agency: NUST
150 ## - HEADING--TOPICAL TERM
- Topical term or geographic name entry element: TURBO C PLUS PLUS
670 ## - SOURCE DATA FOUND
- Source citation: Work cat.: (NUST): TURBO C PLUS PLUS ,THE WAITE GROUP C PROGRAMMING USING, 1990
